| 000 | 01066nam a2200313 i 4500 | ||
|---|---|---|---|
| 001 | bg | ||
| 003 | BPK | ||
| 005 | 20230126115756.0 | ||
| 008 | 980715s1997 pl |000 0 pol d | ||
| 015 | _aPB 1997/4758 | ||
| 020 | _a8371111120 | ||
| 020 | _a3406412750 | ||
| 040 |
_aWA N _cBPK |
||
| 080 | _a347.7(438) | ||
| 100 | 1 |
_aSołtysiński, Stanisław _d(1939- ). |
|
| 245 | 1 | 0 |
_aKodeks handlowy : _bkomentarz. _nT. 1 / _cStanisław Sołtysiński, Andrzej Szajkowski, Janusz Szwaja. |
| 250 | _a2 wyd. rozsz. i zaktual. | ||
| 260 |
_aWarszawa : _bC. H. Beck, _c1997. |
||
| 300 |
_aXIIII, [1], 1484 s. ; _c20 cm. |
||
| 490 | 1 | _aKomentarze Becka. | |
| 504 | _aBibliogr. s. XI-XII. | ||
| 650 | 4 |
_aPrawo handlowe _zPolska. |
|
| 650 | 4 |
_aSpółki _xprawo _zPolska. |
|
| 700 | 1 |
_aSzajkowski, Andrzej _d(1938- ). |
|
| 700 | 1 |
_aSzwaja, Janusz _d(1934-2022) _eAutor |
|
| 856 |
_uhttp://koha.tu.koszalin.pl/cgi-bin/koha/opac-detail.pl?biblionumber=31257 _yKatalog online BPK |
||
| 830 | 0 | _aKomentarze Becka | |
| 942 |
_2UKD _cKS |
||
| 999 |
_c31257 _d31257 |
||